01710 a2200253 450000100060000000300090000600500170001500800410003202000250007304000130009804100080011108200200011910000310013924500790017025000130024926000300026230000360029250400510032852009780037965000210135765000200137865000220139870000360142011504IN-BhIIT20260617171409.0260617b |||||||| |||| 00| 0 eng d a9781119883265 (hbk.) aIN-BhIIT aeng a621.4025bSEK/F aSekulic, Dusan P. eAuthor aFundamentals of heat exchanger design /cDusan P. Sekulic, Ramesh K. Shah  a2nd. ed. aNey York :bWiley,c2023. axxxi, 736 p. :bill. ;c25 cm.  aIncludes bibliographical references and index. aHeat exchangers are thermal devices which transfer heat between two or more fluids. They are integral to energy, automotive, aerospace, and myriad other technologies. The design and implementation of heat exchangers is an essential skill for engineers looking to contribute to a huge range of applications. Fundamentals of Heat Exchanger Design, Second Edition provides a comprehensive insight into the design and performance of heat exchangers. After introducing the basic heat transfer concepts and parameters, an overview of design methodologies is discussed. Subsequently, details of design theory of various types of exchangers are presented. The first edition established itself as the standard single-volume text on the subject. The second edition preserves an established in-depth approach but reflects some new technological developments related to design for manufacturing compact heat exchangers, including novel 3-D printing approaches to heat exchanger design. aHeat engineering aHeat exchangers aHeat transmission aShah, Ramesh K. eJoint author